Вып. 16; Электроэнергетика и автоматизация энергоустановок

Opis bibliograficzny
Parent link:Электроэнергетика и автоматизация энергоустановок: [сборник]/ Харьковский политехнический институт (ХПИ). Вып. 16.— , 1971-1992
Kolejni autorzy: Нижевский В. И. (редактор)
Język:rosyjski
Wydane: 1989
Hasła przedmiotowe:
Format: Książka
KOHA link:https://koha.lib.tpu.ru/cgi-bin/koha/opac-detail.pl?biblionumber=254246

MARC

LEADER 00000nam2a2200000 4500
001 254246
005 20231101232922.0
035 |a (RuTPU)RU\TPU\book\276678 
035 |a RU\TPU\book\276672 
090 |a 254246 
100 |a 20140319d1989 k y0rusy50 ca 
101 0 |a rus 
102 |a UA 
105 |a a z 001zy 
200 0 |a Вып. 16  |f отв. ред. В. И. Нижевский 
210 |d 1989 
215 |a 73 с.  |c ил. 
320 |a Библиогр. в конце ст. 
461 1 |0 (RuTPU)RU\TPU\book\19869  |t Электроэнергетика и автоматизация энергоустановок  |o [сборник]  |f Харьковский политехнический институт (ХПИ)  |v Вып. 16  |d 1971-1992  |s Вестник Харьковского политехнического института ; № 264 
606 1 |a Электроэнергетика  |2 stltpush  |3 (RuTPU)RU\TPU\subj\21036  |9 46086 
606 1 |a Энергетические установки  |2 stltpush  |3 (RuTPU)RU\TPU\subj\21288 
610 1 |a автоматизация 
610 1 |a молнии 
610 1 |a защита 
610 1 |a электроизоляция 
610 1 |a кабельная техника 
610 1 |a энергетика 
610 1 |a контроль 
610 1 |a управление 
675 |a 621.31  |v 3 
675 |a 620.9.002.5  |v 3 
702 1 |a Нижевский  |b В. И.  |4 340 
801 1 |a RU  |b 63413507  |c 20131225 
801 2 |a RU  |b 63413507  |c 20170125  |g RCR 
942 |c BK